EG (Record no. 80115)

MARC details
000 -LEADER
fixed length control field 01244cab a22002415a 4500
001 - CONTROL NUMBER
control field L143255
008 - FIXED-LENGTH DATA ELEMENTS--GENERAL INFORMATION
fixed length control field 080421e20080419xxkdo f s 000 0 eng d
035 ## - SYSTEM CONTROL NUMBER
System control number (Sirsi) u143255
041 0# - LANGUAGE CODE
Language code of text/sound track or separate title eng
110 2# - MAIN ENTRY--CORPORATE NAME
Corporate name or jurisdiction name as entry element Estates Gazette
9 (RLIN) 298
245 00 - TITLE STATEMENT
Title EG
Remainder of title residential
260 ## - PUBLICATION, DISTRIBUTION, ETC.
Date of publication, distribution, etc. 2008
490 ## - SERIES STATEMENT
Series statement Estates Gazette
Volume/sequential designation (0815) 19 April 2008, 107-133(20)
520 ## - SUMMARY, ETC.
Summary, etc. Reveals average house prices in the various regions around Great Britain. Discusses the future for the market in light of major price falls and low turnover in the US. Reports that as affordability has declined, the average one-bedroom flat in London has reduced in size, although this trend has not been repeated in the two-bedroom market. Looks at trends and plans in micro-flat developments, noting that many developers are increasingly reticent about the size of their new properties. Considers the DCLG's Rugg review into the private rented sector. Examines oversupply in northern areas caused by the property slump.
590 ## - LOCAL NOTE (RLIN)
Local note KA
651 #4 - SUBJECT ADDED ENTRY--GEOGRAPHIC NAME
Geographic name Great Britain
Chronological subdivision 1707-
690 ## - LOCAL SUBJECT ADDED ENTRY--TOPICAL TERM (OCLC, RLIN)
Topical term or geographic name as entry element PROPERTY-RESIDENTIAL PROPERTY-RESIDENTIAL PROPERTY MARKET
700 1# - ADDED ENTRY--PERSONAL NAME
Personal name Donnell, Richard
700 1# - ADDED ENTRY--PERSONAL NAME
Personal name Quinn, David
700 1# - ADDED ENTRY--PERSONAL NAME
Personal name Neale, Jon
700 1# - ADDED ENTRY--PERSONAL NAME
Personal name Norwood, Graham
942 ## - ADDED ENTRY ELEMENTS (KOHA)
Suppress in OPAC 0
Holdings
Withdrawn status Lost status Source of classification or shelving scheme Damaged status Not for loan Home library Current library Shelving location Date acquired Total Checkouts Full call number Barcode Date last seen Copy number Price effective from Koha item type
    Dewey Decimal Classification     London London Journal article 21/04/2008   L143255 143255-1001 06/08/2019 1 06/08/2019 Journal article